000 01783cam a22003617a 4500
005 20131028071236.0
008 080327r20052003iluab b 101 0 eng
020 _a0226065987 (cased)
020 _a0226066002 (pbk.)
041 0 _aeng
080 _a327
245 0 0 _aGlobalization in historical perspective /
_cedited by Michael D. Bordo, Alan M. Taylor, and Jeffrey G. Williamson.
260 _aChicago, Ill. :
_bUniversity of Chicago Press,
_c2005, c2003.
300 _aix, 588 p. :
_bill., maps ;
_c23 cm.
440 0 _aNational Bureau of Economic Research conference report
500 _a"The papers were presented at a pre-conference at the NBER in Cambridge, Massachusetts, on November 16, 2000, and at a final conference held at the Four Seasons Biltmore Hotel, Santa Barbara, California, on May 3-6, 2001."
500 _aOriginally published: 2003.
504 _aIncludes bibliographical references and index.
650 0 _aGlobalizimi
_xAspektet ekonomike
_vKongreset
650 0 _aGlobalizimi
_xAspektet sociale
650 0 _aIntegrimi ekonomik ndërkombëtare
_vKongreset
650 0 _aMarrëdhëniet ekonomike ndërkombëtare
_vKongreset
650 0 _aFinancat ndërkombëtare
_vKongreset
650 0 _aTregu ndërkombëtare
_xSocial aspects.
700 1 _aBordo, Michael D.
700 1 _aTaylor, Alan M.,
_d1964-
700 1 _aWilliamson, Jeffrey G.,
_d1935-
710 2 _aNational Bureau of Economic Research.
856 4 2 _3Contributor biographical information
_uhttp://www.loc.gov/catdir/enhancements/fy0827/2008530565-b.html
856 4 2 _3Publisher description
_uhttp://www.loc.gov/catdir/enhancements/fy0827/2008530565-d.html
856 4 1 _3Table of contents only
_uhttp://www.loc.gov/catdir/enhancements/fy0827/2008530565-t.html
942 _2udc
_cBK
999 _c170
_d170